000 00817nam a2200301Ia 4500
005 20251020182451.0
008 200515s9999 xx 000 0 und d
020 _a978-84-92735-77-8
082 _a621.226/M42
100 _aBureau Veritas Formación
100 _aCuervo García, Rafael
100 _aMéndez Muñíz, Javier María
245 0 _aEnergía Solar Fotovoltaica
250 _a7a ed.
260 _aMadrid
260 _bFundacion Confemetal
260 _c[s.a.]
300 _a320 p.
300 _bil., tbl., graf.
500 _a1 ejemplar
650 _aENERGIA SOLAR FOTOVOLTAICA
650 _aINSTALACIONES AISLADAS
650 _aINSTALACIONES FOTOVOLTAICAS CONECTADAS A RED
650 _aMARCO LEGAL
650 _aSISTEMAS FOTOVOLTAICOS AISLADOS
942 _cLIB
999 _c861
_d861